002230000a220007300045001000017000002450062000173000048000797730022001271 aFinley, T.J.10a"The apple of his eye" (Babat 'ênô) in Zechariah 2:12 a38, Num. 3 (Julio, 1988), Páginas 337-3380 tVetus Testamentum